Statistics for Scott Street - Phoebe Bridgers (Lyrics)

Click here to take the quiz!

General Stats

  • This quiz has been taken 51 times
  • The average score is 136 of 142

Answer Stats

Answer% Correct
a
100%
an
100%
and
100%
"And
100%
And
100%
Anyway
100%
ashamed
100%
be
100%
Do
100%
don't
100%
Don't
100%
feel
100%
feeling
100%
go
100%
got
100%
hear
100%
her
100%
I
100%
it
100%
"It's
100%
It's
100%
it's
100%
like
100%
my
100%
name?
100%
Scott
100%
stranger
100%
Street
100%
"That
100%
that
100%
the
100%
to
100%
Walking
100%
when
100%
When
100%
you
100%
You
100%
about
96%
all
96%
asked
96%
band?"
96%
carry"
96%
degree"
96%
does
96%
gettin'
96%
heart
96%
"How
96%
is
96%
make
96%
makes
96%
married"
96%
me?"
96%
me
96%
much
96%
old"
96%
open
96%
playing
96%
Said
96%
said
96%
she
96%
shit
96%
sister?
96%
"They're
96%
too
96%
"What
96%
what
96%
your
96%
container
92%
drums?"
92%
heard
92%
shower
92%
With
92%
bed
88%
Every
88%
head
88%
over
88%
payment
88%
plan
88%
beer
85%
helicopters
85%
I've
85%
night
85%
tall
85%
burn
81%
can
81%
earned
81%
I'll
81%
I'm
81%
money
81%
of
81%
Spending
81%
stack
81%
There's
81%
that's
77%
lonely
73%
mail
69%

Score Distribution

Percentile by Number Answered

Percent of People with Each Score

Your Score History

You have not taken this quiz